Slovak Journal of Political Sciences

Na minha lista:
Detalhes bibliográficos
Formato: Periódico
Idioma:inglês
Publicado em: Trnava University of Saints Cyril and Methodius in Trnava. Faculty of Social Sciences. 2023
Tags: Adicionar Tag
Sem tags, seja o primeiro a adicionar uma tag!

MARC

LEADER 00000nas2a2200000 4500
001 0302846
005 20240627095730.4
022 |a 1335-9096 
041 0 |a eng 
044 |a SK 
245 1 0 |a Slovak Journal of Political Sciences 
264 1 |a Trnava  |b University of Saints Cyril and Methodius in Trnava. Faculty of Social Sciences.  |c 2023 
773 0 |w eu_un_cat*0258021